000 00400nam a2200133Ia 4500
008 211118s9999||||xx |||||||||||||| ||und||
082 _a894.8123
_bSRE-P
100 _aSreeraman, C V
245 0 _aPambanpalathinu Mumbu
260 _bCurrent Book
_aThrichur
_c2001
630 _xMalayalam NovelGeneral Stack
650 _aMalayalam Literature
_vMalayalam FictionShort StoriesMalayalam
942 _cBOOK
999 _c100399
_d100399